00661nam a2200229 a 4500001001300000003000900013005001700022008004100039020000800080082002000088100002700108245001600135260004300151300000900194500003500203505001500238700002700253902000800280942000700288952011900295999001700414nice12345678IN_TiNIC20260116015137.0050524s1996 riya grp 000 0 eng  ac000a297.122521bHIL aHilali, Mohd Taqiuddin aNoble Quran aRiyadhbDarus Salam Publicationsc1996 a888p aincludes index and biblioraphy2 aXerox Copy1 aHilali, Mohd Taqiuddin bSRS cBK 001040708StackRoom-aHMIbHMId2005-05-24g0.00l0o297.122521 HILp11001483r2005-05-24v0.00w2005-05-24yBK c18483d18483